Statistics for Bicycle Race by Queen Lyrics

Click here to take the quiz!

General Stats

  • This quiz has been taken 87 times
    (86 since last reset)
  • The average score is 37 of 49

Answer Stats

Lyrics% Correct
I want to {ride} my
100%
{Bicycle}, {bicycle}, {bicycle}
99%
{Bicycle}, {bicycle}, {bicycle}
99%
I want to ride my {bicycle}
97%
I want to ride my {bicycle}
96%
I want to ride my {bike}
96%
All I wanna {do} is
94%
{Bicycle}, {bicycle}, {bicycle}
94%
You say black; I say {white}
94%
{Bicycle}, {bicycle}, {bicycle}
93%
I want to {ride} my
93%
I want to ride my {bicycle}
93%
I want to ride my {bicycle}
93%
I want to ride my {bike}
93%
I want to {ride} my
88%
I want to ride it {where} I like
86%
{Bicycle}, {bicycle}
81%
{Bicycle} race, {bicycle} race, {bicycle} race
81%
I want to {ride} my
81%
{Bicycle}, {bicycle}, {bicycle}
80%
You say God; give me a {choice}!
80%
{Bicycle}, {bicycle}, {bicycle}, {bicycle} race (I want a {bicycle} race)
78%
You say bark; I say {bite}
78%
You say {Rolls}; I say Royce
78%
'Cause all I want to {do} is
75%
I want to {ride} my
74%
I want to ride my {bicycle}
74%
I want to ride my {bike}
74%
{Bicycle}, {bicycle}, (come on!) {bicycle}
72%
{Bicycle}, (hey) {bicycle}, (hey) {bicycle}
72%
I want to ride my {bicycle}
72%
On your {marks}! Get set! Go!
72%
{Bicycle} {races} are coming your way
71%
I don't believe in {Peter} {Pan}, Frankenstein or Superman
70%
I don't wanna be the President of {America}
67%
I want to ride it {where} I like
67%
{Fat} {bottomed} {girls}, they'll be riding today
64%
Jaws was never my {scene} and I don't like Star Wars
64%
So forget all your {duties}, oh yeah
61%
So look out for those {beauties}, oh yeah
61%
You say {John}; I say Wayne
58%
You say {coke}; I say caine
54%
You say {shark}; I say, hey, man
52%
I don't wanna be a candidate for {Vietnam} or Watergate
51%
You say Lord; I say {Christ}!
51%
Cartier; I say {please}
46%
You say smile; I say {cheese}
45%
{Hot} {dog}, I say, Cool it man
33%
{Income} {tax}; I say Jesus
25%

Score Distribution

Percentile by Number Answered

Percent of People with Each Score

Your Score History

You have not taken this quiz since the last reset